000 002480000a22000970004500
100 1 _aBohr, P. Richard
245 1 0 _aThe legacy of William Milne
300 _aVol. 25, Núm 4 (2001), Páginas 173-178
773 0 _tInternational Bulletin
942 _cANA
999 _c57244
_d57244